快活CLUBがある市区町村 - Statistics

General Stats
  • This quiz has been taken 745 times
  • The average score is 154 of 271
Answer Stats
市区町村 店舗数 % Correct
大阪市 16
93%
札幌市 10
92%
名古屋市 16
91%
横浜市 9
90%
福岡市 6
89%
京都市 6
88%
仙台市 5
88%
新宿区 3
88%
神戸市 9
87%
広島市 5
87%
川崎市 3
87%
千葉市 8
86%
静岡市 5
86%
さいたま市 4
86%
青森市 2
86%
北九州市 6
84%
新潟市 5
84%
浜松市 4
84%
岡山市 4
84%
秋田市 2
84%
熊本市 7
83%
金沢市 4
83%
旭川市 2
83%
水戸市 2
83%
鹿児島市 4
82%
盛岡市 3
82%
福島市 2
82%
宇都宮市 2
82%
高崎市 2
82%
八王子市 2
82%
函館市 1
82%
山形市 1
82%
相模原市 5
81%
郡山市 2
81%
前橋市 2
81%
岐阜市 2
81%
堺市 3
80%
高松市 3
80%
富山市 2
80%
豊橋市 2
80%
長野市 3
79%
姫路市 3
79%
いわき市 2
79%
千代田区 2
79%
松山市 2
79%
港区 1
79%
宮崎市 2
78%
八戸市 1
78%
世田谷区 1
78%
松本市 1
78%
津市 1
78%
大津市 1
78%
奈良市 1
78%
高知市 1
78%
江戸川区 2
77%
大田区 2
77%
福井市 2
77%
山口市 2
77%
下関市 2
77%
大分市 2
77%
鳥取市 1
77%
松江市 1
77%
船橋市 4
76%
和歌山市 3
76%
倉敷市 3
76%
徳島市 3
76%
川越市 2
76%
佐賀市 2
76%
練馬区 1
76%
那覇市 3
75%
柏市 2
75%
長岡市 2
75%
品川区 1
75%
北区 1
75%
甲府市 1
75%
川口市 3
74%
四日市市 3
74%
松戸市 2
74%
つくば市 1
74%
小田原市 1
74%
藤沢市 5
73%
豊島区 4
73%
足立区 3
73%
福山市 3
73%
弘前市 1
73%
江東区 1
73%
市川市 3
72%
豊田市 2
72%
佐世保市 2
72%
尼崎市 3
71%
立川市 1
71%
町田市 2
70%
横須賀市 1
70%
大垣市 1
70%
東大阪市 3
69%
台東区 2
69%
所沢市 3
68%
越谷市 3
68%
土浦市 2
68%
春日部市 2
68%
高岡市 2
68%
久留米市 2
68%
熊谷市 1
68%
板橋区 1
68%
岡崎市 1
68%
一宮市 1
68%
富士市 2
67%
沼津市 1
67%
米子市 1
67%
成田市 2
66%
西宮市 2
66%
出雲市 1
66%
小山市 1
65%
上越市 1
65%
草津市 1
65%
平塚市 1
64%
宇治市 2
63%
日立市 2
62%
伊勢崎市 1
62%
加古川市 1
62%
会津若松市 2
61%
厚木市 2
61%
花巻市 1
61%
市原市 1
61%
木更津市 1
61%
吹田市 2
60%
海老名市 1
60%
別府市 1
60%
鶴岡市 1
59%
酒田市 1
59%
米沢市 1
59%
太田市 2
58%
武蔵野市 2
58%
調布市 2
58%
府中市 1
58%
鎌倉市 1
58%
彦根市 1
58%
枚方市 2
57%
石巻市 1
57%
松阪市 1
57%
栃木市 1
56%
伊勢市 1
56%
上尾市 2
55%
大和市 1
55%
掛川市 1
55%
安城市 1
55%
沖縄市 1
55%
上田市 2
54%
北上市 1
54%
草加市 1
54%
蕨市 1
54%
多摩市 1
54%
都城市 1
54%
桑名市 2
53%
東広島市 2
53%
横手市 1
53%
取手市 1
53%
野田市 1
53%
小松市 1
53%
春日井市 1
53%
泉佐野市 1
52%
鳥栖市 1
52%
橿原市 1
51%
佐倉市 2
50%
名取市 1
50%
佐野市 1
50%
鈴鹿市 2
49%
寝屋川市 2
49%
奥州市 1
49%
大崎市 1
49%
ひたちなか市 1
49%
豊川市 1
49%
丸亀市 1
49%
足利市 1
48%
深谷市 1
48%
刈谷市 1
48%
長浜市 1
48%
岸和田市 1
48%
宇部市 1
48%
八尾市 3
47%
本庄市 1
47%
東村山市 1
47%
蒲郡市 1
47%
三原市 1
47%
朝霞市 1
46%
三郷市 1
46%
北見市 1
45%
大館市 1
45%
鴻巣市 1
45%
白山市 1
45%
天童市 1
44%
諏訪市 1
44%
新座市 3
43%
館林市 1
43%
戸田市 1
43%
伊勢原市 1
43%
藤枝市 1
43%
伊丹市 1
43%
大和郡山市 1
43%
周南市 1
43%
鹿嶋市 1
42%
鯖江市 1
42%
島田市 1
42%
秦野市 1
41%
北名古屋市 1
41%
和泉市 1
41%
名護市 1
41%
ふじみ野市 1
40%
東久留米市 1
40%
新発田市 1
40%
桶川市 1
39%
御殿場市 1
39%
大村市 1
39%
狭山市 1
38%
座間市 1
38%
加須市 1
37%
知立市 1
37%
鹿屋市 1
37%
浦添市 1
37%
東海市 1
36%
守口市 1
36%
門真市 1
36%
飯塚市 1
36%
八潮市 1
35%
東松山市 1
35%
八千代市 1
35%
石岡市 1
34%
半田市 1
34%
亀山市 1
34%
宜野湾市 1
33%
多賀城市 1
32%
蓮田市 1
32%
甲賀市 1
32%
長久手市 1
31%
西尾市 1
31%
あま市 1
31%
栗東市 1
31%
向日市 1
31%
防府市 1
31%
行橋市 1
31%
筑西市 1
30%
茂原市 1
30%
東大和市 1
29%
魚津市 1
29%
羽島市 1
29%
太宰府市 1
29%
鶴ヶ島市 1
28%
江南市 1
27%
幸手市 1
26%
白井市 1
26%
可児市 1
26%
津島市 1
26%
笛吹市 1
25%
みどり市 1
24%
東金市 1
24%
羽村市 1
24%
中野市 1
22%
高砂市 1
22%
岩出市 1
22%
釧路町 1
21%
中央市 1
20%
富岡市 1
19%
筑紫野市 1
19%
那珂市 1
18%
宇土市 1
17%
富里市 1
16%
清水町 1
14%
川越町 1
13%
大河原町 1
12%
葛城市 1
12%
垂井町 1
6%
No matching quizzes found
Score Distribution
Percent of People with Each Score
Percentile by Number Answered
Your Score History
You have not taken this quiz